Statistics for UFC Men's World Champions

Click here to take the quiz!

General Stats

  • This quiz has been taken 12,914 times
    (7,295 since last reset)
  • The average score is 36 of 90

Answer Stats

ReignAnswer% Correct
2015350 daysConor McGregor
92%
2017597 daysJon Jones
90%
20111,501 daysJon Jones
90%
2016511 daysConor McGregor
89%
2018(ongoing)Khabib Nurmagomedov
84%
2018(ongoing)Khabib Nurmagomedov
83%
2018(ongoing)Daniel Cormier
78%
2015799 daysDaniel Cormier
78%
2019(ongoing)Israel Adesanya
77%
20101,849 daysJose Aldo
74%
2016189 daysJose Aldo
74%
20062,457 daysAnderson Silva
72%
2021(ongoing)Francis Ngannou
72%
2019(ongoing)Kamara Usman
71%
20082,064 daysGeorges St-Pierre
69%
2006140 daysGeorges St-Pierre
69%
2016785 daysStipe Miocic
68%
2019(ongoing)Stipe Miocic
67%
20122,142 daysDemetrious Johnson
65%
2019(ongoing)Alexander Volkanovski
61%
2008707 daysBrock Lesnar
59%
2017925 daysMax Holloway
59%
2021(ongoing)Aljamain Sterling
58%
2020(ongoing)Petr Yan
57%
2021(ongoing)Charles Oliveira
56%
2016518 daysMichael Bisping
55%
2018574 daysHenry Cejudo
54%
2021(ongoing)Brandon Moreno
51%
2016128 daysEddie Alvarez
51%
2016945 daysTyron Woodley
51%
2014603 daysTJ Dillashaw
50%
2018660 daysRobert Whittaker
49%
20101,117 daysDominick Cruz
45%
2005770 daysChuck Liddell
42%
2016309 daysCody Garbrandt
41%
2004107 daysBJ Penn
39%
2008812 daysBj Penn
39%
2015175 daysLuke Rockhold
38%
2020(ongoing)Jan Blachowicz
37%
2004757 daysMatt Hughes
37%
2001820 daysMatt Hughes
37%
2013889 daysChris Weidman
36%
2020(ongoing)Deiveson Figueiredo
36%
2010385 daysCain Velasquez
35%
2012896 daysCain Velasquez
35%
2004365 daysRandy Couture
34%
1997? daysRandy Couture
34%
2003127 daysRandy Couture
34%
2000490 daysRandy Couture
34%
2007623 daysRandy Couture
34%
2007406 daysQuinton Jackson
33%
20001,260 daysTito Ortiz
33%
2007378 daysMatt Sera
32%
2014602 daysRobbie Lawler
32%
2004419 daysFrank Mir
31%
2015481 daysRafael Dos Anjos
31%
201733 daysGeorge St Pierre
30%
2011413 daysJunior Dos Santos
30%
2010315 daysMauricio Rua
29%
2009350 daysLyoto Machida
28%
2013560 daysAnthony Pettis
25%
2012522 daysBenson Henderson
25%
2015336 daysFabricio Werdum
24%
2010687 daysFrankie Edgar
23%
1997703 daysFrank Shamrock
23%
2008175 daysForrest Griffin
22%
2008147 daysRashad Evans
22%
2014138 daysRenan Barao
21%
2014266 daysJohny Hendricks
20%
1997170 daysMark Coleman
18%
2003229 daysTim Sylvia
18%
2006322 daysTim Sylvia
18%
2005497 daysRich Franklin
17%
2004203 daysVitor Belfort
17%
2005246 daysAndrei Arlovski
16%
2001393 dayJens Pulver
14%
1997147 daysMaurice Smith
14%
1999? daysBas Rutten
11%
2001183 daysCarlos Newton
11%
1999364 daysKevin Randleman
11%
2006420 daysSean Sherk
11%
1998931 daysPat Miletich
8%
2002154 daysRicco Rodriguez
8%
2005119 daysEvan Tanner
7%
2002126 daysJosh Barnett
7%
2019337 daysHenry Cejudo
6%
2002267 daysMurilo Bustamante
6%
2001105 daysDave Menne
5%
2020(ongoing)Jan Blachowicz
1%
2017501 daysTJ Dillashaw
1%

Score Distribution

Percentile by Number Answered

Percent of People with Each Score

Your Score History

You have not taken this quiz since the last reset